| 000 | 00864nmc a2200325 a 4500 | ||
|---|---|---|---|
| 003 | AR-BaBNM | ||
| 005 | 20251128210733.0 | ||
| 008 | 091020s1998 ||||||||||||||000 | spa|| | ||
| 020 | _a950-739-659-4 | ||
| 040 | _cAR-BaBNM | ||
| 100 | 1 | _aGhergo, Pedro | |
| 245 | 1 | 0 | _aLas aventuras de Julio Verne |
| 260 |
_aBuenos Aires _bErrepar _c1998 |
||
| 300 |
_a112 p. _bil. |
||
| 490 | 0 |
_aPara jóvenes principiantes _vv. 3 |
|
| 650 | 4 | _aBIOGRAFIAS | |
| 650 | 4 | _aLITERATURA FRANCESA | |
| 650 | 4 | _aESCRITORES | |
| 650 | 4 | _aVIDA LITERARIA | |
| 650 | 4 | _aCIENCIA FICCION | |
| 653 | _aLITERATURA FANTASTICA | ||
| 653 | _aNOVELA DE AVENTURAS | ||
| 653 | _aINICIACION LITERARIA | ||
| 653 | _aHISTORIETAS | ||
| 655 | _aBIOGRAFIAS | ||
| 700 | 1 |
_aVillarreal, Pablo _eilustrador |
|
| 800 | 1 |
_aKreimer, Juan Carlos _edirector |
|
| 942 | _cBK | ||
| 998 | _cMARTIN | ||
| 999 |
_c16672 _d16672 |
||